|
|
|
|
| LEADER |
00982nam a22002532a 4500 |
| 001 |
001700826 |
| 003 |
CZ BrMZK |
| 005 |
20190809133254.0 |
| 007 |
ta |
| 008 |
190809s1975 fi er|||||||||||eng d |
| 040 |
|
|
|a BOA001
|b cze
|e aacr2
|
| 100 |
1 |
|
|a Väyrynen, Timo
|4 dis
|
| 245 |
1 |
0 |
|a Measurement of the graphic properties of roentgenographic apparatuses /
|c Timo Väyrinen
|
| 260 |
|
|
|a Helsinki :
|b The Finnish Aced. of Techn. Sciences,
|c 1975
|
| 300 |
|
|
|a 45 s.
|
| 490 |
1 |
|
|a Acta Polytechnica Scandinavica. Physics including nucleonics series ;
|v no. 108
|
| 502 |
|
|
|a Disertace--Filosofická fakulta univerzity v Helsinkách, 1975
|
| 504 |
|
|
|a Obsahuje bibliografii
|
| 710 |
2 |
|
|a Filosofická fakulta univerzity v Helsinkách
|
| 830 |
|
0 |
|a Acta Polytechnica Scandinavica.
|p Physics including nucleonics series
|
| 910 |
|
|
|a BOA001
|b X2-0763.901
|
| 990 |
|
|
|a BK
|
| 991 |
|
|
|b 201908
|
| 996 |
7 |
|
|b 2618830629
|c X2-0763.901
|l MZK
|r Sklad / do 24 hodin
|n 0
|w 001747490
|u 000010
|a 1
|e BOA001
|j MZK50
|s A
|